The Originals cast The CW Network Spin- off Vampire Diaries - Statistics

General Stats
  • This quiz has been taken 774 times
    324 since last reset
  • The average score is 19 of 67
Answer Stats
Hint Answer % Correct
Joseph Morgan Niklaus Mikaelson
95%
Maisie Richardson-Sellers Eva Sinclair/ Rebekah Mikaelson
94%
Claire Holt Rebekah Mikaelson
94%
Daniel Gillies Elijah Mikaelson
93%
Paul Wesley Stefan Salvatore
92%
Phoebe Tonkin Hayley Marshall
88%
Nathaniel Buzolic Kol Mikaelson
86%
Matt Davis Alaric Saltzman
75%
Danielle Campbell Davina Claire
66%
Nina Dobrev Tatia
62%
Riley Voelkel Freya Mikaelson
57%
Charles Michael Davis Marcel Gerard
56%
Sebastian Roche Mikael
53%
Summer Fontana Hope Mikaelson
51%
Casper Zafer Finn Mikaelson
46%
Yusuf Gatewood Vincent Griffith
46%
Alice Evans Esther Mikaelson
41%
Leah pipes Camille O'Connell
40%
Rebecca Breeds Aurora de Martel
31%
Nathan Parsons Jackson Kenner
31%
Claudia Black Dahlia
28%
Daniella Pineda Sophie Deveraux
28%
Andrew Lees Lucien Castle
27%
Oliver Ackland Tristan de Martel
27%
Colin Woodell Aiden
24%
Nishi Munshi Gia
23%
Steven Krueger Josh Rosza
23%
Eka Darville Diego
21%
Daniel Sharman Kaleb Westphall
21%
Yasmine Al-Bustami Monique Deveraux
21%
Christina Marie Moses Keelin
20%
Karen Kaia Livers Agnes
19%
Elysa Levesque Genevieve
19%
Callard Harris Thierry Vanchure
19%
Blu Hunt hollow/ Inadu
17%
Chase Coleman Oliver
17%
Sonja Sohn Lenore
15%
Raney Branch Celeste Dubois
12%
Madelyn Cline Jessica
12%
Tracy Ifeachor Aya Al-Rashid
10%
Debra Mooney Mary Dumas
10%
Shannon Eubanks Bastianna
9%
Natalie Dreyfuss Cassie
9%
Jason Dohring Detective Will Kinney
9%
Todd Stashwick Father Kieran O'Connell
9%
Taylor Cole Sofya
9%
Peta Segeant Francesca Correa
7%
Meg Foster Josephine LaRue
7%
Joyce Brew Kara Ngyuen
7%
Owiso Odera Papa tunde
7%
Shannon Kane Sabine Laurent
7%
Matt kabus Sean O'Connell
7%
Lawrence Kao Van
7%
Alexa Yeames Abigail
6%
Darri ingolfsson Dominic
6%
javier Carrasquillo Kurt
6%
Kristin Erickson Young Dahlia
6%
Perry Cox Young Elijah
6%
Aiden Flowers Young Klaus
6%
McCarrie McCausland Young Marcel
6%
Callie Brook McClincy Young Rebekah
6%
Alkoya Brunson Adam
5%
Hayley McCarthy Young Esther
5%
Stephanie Cleough Alexis
4%
Karan Kendrick Maxine
4%
Najah jackson Amy
3%
Jesse C. Boyd Cary
3%
No matching quizzes found
Score Distribution
Percent of People with Each Score
Percentile by Number Answered
Your Score History
You have not taken this quiz since the last reset